Normal view MARC view

Entry Personal Name

Number of records used in: 1

001 - CONTROL NUMBER

  • control field: 723273

003 - CONTROL NUMBER IDENTIFIER

  • control field: OSt

005 - DATE AND TIME OF LATEST TRANSACTION

  • control field: 20240920102549.0

008 - FIXED-LENGTH DATA ELEMENTS

  • fixed length control field: 240920|| aca||aabn | a|a d

040 ## - CATALOGING SOURCE

  • Original cataloging agency: OSt
  • Transcribing agency: OSt

100 ## - HEADING--PERSONAL NAME

  • Personal name: बील़क्2637रूश्र2665ी, तारक नाथ, ले

670 ## - SOURCE DATA FOUND

  • Source citation: Work cat.: (OSt)1216675: बील़क्2637रूश्र2665ी, तारक नाथ, ले., भारतीय काव्यशास्त्र: संशोधित एवं प्रवर्द्धित संस्करण, 2017
Copyright @ Delhi University Library System